[Event "VII Famalicao Open 2019"]
[Site "Famalicao"]
[Date "2019.08.02"]
[Round "8.10"]
[White "Forgas Moreno, Yaniela"]
[Black "Guimaraes, Alvaro"]
[Result "1-0"]
[WhiteElo "2272"]
[BlackElo "1796"]
[Annotator "ChessBase"]
[PlyCount "45"]
[EventDate "2019.07.28"]
[EventType "swiss"]
[EventCountry "POR"]
[SourceTitle "playchess.com"]
[Source "ChessBase"]
[SourceQuality "1"]
[TimeControl "5400+30"]

1. e4 {[%emt 0:00:00]} e6 {[%emt 0:00:00]} 2. d4 {[%emt 0:00:00]} d5 {[%emt 0:00:02]} 3. Nc3 {[%emt 0:00:00]} Nf6 {[%emt 0:00:07]} 4. e5 {[%emt 0:00:00]} Nfd7 {[%emt 0:00:07]} 5. f4 {[%emt 0:00:05]} c5 {[%emt 0:00:05]} 6. Nf3 {[%emt 0:00:06]} Nc6 {[%emt 0:00:05]} 7. Be3 {[%emt 0:00:04]} a6 {[%emt 0:01:01]} 8. Qd2 {[%emt 0:00:37]} b5 {[%emt 0:06:23]} 9. Be2 {[%emt 0:00:38]} Qc7 {[%emt 0:02:38]} 10. Nd1 {[%emt 0:02:08]} cxd4 {[%emt 0:01:39]} 11. Nxd4 {[%emt 0:00:04]} Bc5 {[%emt 0:12:59]} 12. c3 {[%emt 0:00:53]} O-O {[%emt 0:00:29]} 13. O-O {[%emt 0:02:09]} Bb7 {[%emt 0:05:02]} 14. b4 {[%emt 0:06:10]} Bxd4 {[%emt 0:03:11]} 15. Bxd4 {[%emt 0:01:26]} Rac8 {[%emt 0:03:02]} 16. Bd3 {[%emt 0:02:57]} Nb6 {[%emt 0:03:54]} 17. Bc5 {[%emt 0:14:14]} Ne7 {[%emt 0:01:47]} 18. Bd6 {[%emt 0:00:48]} Qd7 {[%emt 0:00:14]} 19. Qf2 {[%emt 0:00:57]} Nc4 {[%emt 0:01:55]} 20. Bxh7+ {[%emt 0:01:33]} Kxh7 {[%emt 0:01:54]} 21. Qh4+ {[%emt 0:00:04]} Kg8 {[%emt 0:00:35]} 22. Bxe7 {[%emt 0:00:09]} Rfe8 {[%emt 0:00:53]} 23. Bf6 {[%emt 0:01:49]} 1-0

[Event "VII Famalicao Open 2019"]
[Site "Famalicao"]
[Date "2019.08.02"]
[Round "8.11"]
[White "Monteiro, Paulo"]
[Black "Pintor, Simao"]
[Result "0-1"]
[WhiteElo "1737"]
[BlackElo "2082"]
[Annotator "NA"]
[PlyCount "70"]
[EventDate "2019.07.28"]
[EventType "swiss"]
[EventCountry "POR"]
[SourceTitle "playchess.com"]
[Source "ChessBase"]
[SourceQuality "1"]
[TimeControl "5400+30"]

1. Nf3 {[%emt 0:00:54]} d5 {[%emt 0:00:00]} 2. g3 {[%emt 0:00:13]} c5 {[%emt 0:00:00]} 3. Bg2 {[%emt 0:00:20]} Nc6 4. O-O {[%emt 0:00:39]} Nf6 {[%emt 0:00:00]} 5. d4 {[%emt 0:00:31]} e6 {[%emt 0:00:34]} 6. c3 {[%emt 0:05:50]} Bd6 {[%emt 0:01:11]} 7. Bf4 {[%emt 0:02:52]} Qc7 {[%emt 0:03:07] D02: 1 d4 d5 2 Nf3 sidelines, including 2...Nf6 3 g3 and 2...Nf6 3 Bf4} 8. Bxd6 {[%emt 0:04:38]} Qxd6 {[%emt 0:00:26]} 9. Nbd2 {[%emt 0:00:54]} O-O {[%emt 0:01:36]} 10. Re1 {[%emt 0:06:32]} e5 $146 {[%emt 0:02:49]} ({Predecessor:} 10... cxd4 11. cxd4 Bd7 12. a3 {0-1 (51) Vladimirov,Y (2585)-Psakhis,L (2570) Moscow 1992}) 11. dxe5 {[%emt 0:00:28]} Nxe5 {[%emt 0:00:05]} 12. Nxe5 {[%emt 0:02:08]} Qxe5 {[%emt 0:00:05]} 13. e4 {[%emt 0:01:11]} Bg4 {[%emt 0:10:04]} ({Better is} 13... dxe4 $1 $14 14. Nxe4 Nxe4) 14. exd5 {[%emt 0:08:03] Discovered Attack} Qh5 {[%emt 0:07:04]} 15. Qb3 {[%emt 0:11:28]} Rad8 {[%emt 0:12:58]} 16. c4 {[%emt 0:07:39]} Rd6 {[%emt 0:02:55]} (16... b6 $142 17. Qa4 Qf5) 17. Nf1 {[%emt 0:08:18]} Bh3 {[%emt 0:05:48]} 18. Bxh3 {[%emt 0:05:15]} Qxh3 {[%emt 0:00:08]} 19. Qf3 {[%emt 0:00:09]} Ng4 {[%emt 0:02:33]} 20. Qg2 {[%emt 0:01:20]} Qh5 {[%emt 0:00:05]} 21. Ne3 {[%emt 0:04:10]} (21. b3 $18) 21... Ne5 {[%emt 0:01:02]} 22. g4 {[%emt 0:05:31]} Nxg4 {[%emt 0:05:23]} 23. Nxg4 {[%emt 0:00:05]} Rg6 {[%emt 0:00:04]} 24. h3 {[%emt 0:00:17]} f5 {[%emt 0:00:06]} 25. f3 {[%emt 0:00:18]} Qg5 {[%emt 0:09:21] [#] Pin} 26. Re2 {[%emt 0:01:19]} (26. Rad1 $1 $16 Qf4 {[%mdl 64] Pin} 27. Rf1) 26... Qf4 {[%emt 0:01:09] Pin} 27. Rc2 $11 {[%emt 0:04:58]} h5 {[%emt 0:01:06] Pin} 28. Rf1 {[%emt 0:01:03]} fxg4 {[%emt 0:06:46]} 29. fxg4 {[%emt 0:00:18]} Qd4+ {[%emt 0:05:07]} 30. Kh1 {[%emt 0:01:29]} Rxf1+ {[%emt 0:00:06]} 31. Qxf1 {[%emt 0:00:05]} hxg4 {[%emt 0:00:54]} 32. Rg2 Qe4 {[%emt 0:04:53]} 33. hxg4 {[%emt 0:04:21]} Rh6+ {[%emt 0:02:51]} 34. Kg1 {[%emt 0:00:09]} Qd4+ {[%emt 0:00:29]} 35. Qf2 {[%emt 0:02:52]} Qd1+ {[%emt 0:00:13]} 0-1

[Event "VII Famalicao Open 2019"]
[Site "Famalicao"]
[Date "2019.08.02"]
[Round "8.12"]
[White "Santos, Jose Miguel Sereno"]
[Black "Leonardo, Joao"]
[Result "1/2-1/2"]
[WhiteElo "1702"]
[BlackElo "2227"]
[Annotator "ChessBase"]
[PlyCount "105"]
[EventDate "2019.07.28"]
[EventType "swiss"]
[EventCountry "POR"]
[SourceTitle "playchess.com"]
[Source "ChessBase"]
[SourceQuality "1"]
[TimeControl "5400+30"]

1. e4 {[%emt 0:04:00]} d6 {[%emt 0:00:00]} 2. d4 {[%emt 0:00:06]} Nf6 {[%emt 0:00:00]} 3. Nc3 {[%emt 0:00:10]} Nc6 {[%emt 0:00:00]} 4. Nf3 {[%emt 0:00:25]} Bg4 {[%emt 0:00:00]} 5. Be2 {[%emt 0:00:11]} e5 {[%emt 0:00:10]} 6. Be3 {[%emt 0:01:46]} Be7 {[%emt 0:00:12]} 7. O-O {[%emt 0:01:44]} O-O {[%emt 0:00:12]} 8. h3 {[%emt 0:02:47]} Bh5 {[%emt 0:00:05]} 9. a4 {[%emt 0:03:38]} a6 {[%emt 0:00:41]} 10. Qd2 {[%emt 0:02:05]} Re8 {[%emt 0:00:30]} 11. Rfd1 {[%emt 0:02:48]} Bg6 {[%emt 0:00:59]} 12. Bd3 {[%emt 0:01:43]} Bf8 {[%emt 0:00:18]} 13. dxe5 {[%emt 0:01:39]} dxe5 {[%emt 0:00:50]} 14. Qc1 {[%emt 0:01:32]} Qc8 {[%emt 0:03:09]} 15. Nh4 {[%emt 0:22:16]} Nb4 {[%emt 0:02:01]} 16. Nxg6 {[%emt 0:00:53]} Nxd3 {[%emt 0:00:37]} 17. cxd3 {[%emt 0:01:44]} hxg6 {[%emt 0:00:09]} 18. Qc2 {[%emt 0:00:18]} Qe6 {[%emt 0:03:25]} 19. d4 {[%emt 0:05:26]} exd4 {[%emt 0:01:59]} 20. Bxd4 {[%emt 0:00:35]} c6 {[%emt 0:00:27]} 21. a5 {[%emt 0:00:52]} Rad8 {[%emt 0:00:09]} 22. f3 {[%emt 0:01:11]} Rxd4 {[%emt 0:01:40]} 23. Rxd4 {[%emt 0:00:03]} Bc5 {[%emt 0:00:03]} 24. Ne2 {[%emt 0:00:09]} Qe5 {[%emt 0:00:03]} 25. Qc3 {[%emt 0:01:18]} Rd8 {[%emt 0:01:20]} 26. Rad1 {[%emt 0:01:12]} Nh5 {[%emt 0:03:15]} 27. g4 {[%emt 0:00:09]} Nf4 {[%emt 0:01:44]} 28. Kh1 {[%emt 0:00:32]} Bxd4 {[%emt 0:00:53]} 29. Rxd4 {[%emt 0:00:05]} Rxd4 {[%emt 0:04:56]} 30. Qxd4 {[%emt 0:00:22]} Qxd4 {[%emt 0:00:20]} 31. Nxd4 {[%emt 0:00:03]} Nxh3 {[%emt 0:00:07]} 32. Nb3 {[%emt 0:00:35]} Nf2+ {[%emt 0:00:09]} 33. Kg2 {[%emt 0:00:06]} Nd3 {[%emt 0:00:03]} 34. Kf1 {[%emt 0:00:15]} Kf8 {[%emt 0:01:20]} 35. Ke2 {[%emt 0:00:11]} Nf4+ {[%emt 0:02:02]} 36. Ke3 {[%emt 0:00:13]} Ne6 {[%emt 0:00:02]} 37. f4 {[%emt 0:00:52]} Ke7 {[%emt 0:00:03]} 38. f5 {[%emt 0:00:07]} gxf5 {[%emt 0:00:03]} 39. gxf5 {[%emt 0:00:08]} Nd8 {[%emt 0:00:19]} 40. Kd4 {[%emt 0:01:18]} f6 {[%emt 0:00:18]} 41. Kc5 {[%emt 0:01:17]} Nf7 {[%emt 0:06:55]} 42. Kb6 {[%emt 0:00:44]} Nd6 {[%emt 0:00:13]} 43. Nc5 {[%emt 0:00:07]} Nc4+ {[%emt 0:02:47]} 44. Kxb7 {[%emt 0:00:09]} Nxa5+ {[%emt 0:00:07]} 45. Kb6 {[%emt 0:00:05]} Nc4+ {[%emt 0:00:08]} 46. Kxc6 {[%emt 0:00:03]} Nxb2 {[%emt 0:00:09]} 47. Nxa6 {[%emt 0:00:07]} Nd1 {[%emt 0:00:21]} 48. Nc7 {[%emt 0:02:23]} Nf2 {[%emt 0:00:31]} 49. Kd5 {[%emt 0:00:28]} Ng4 {[%emt 0:00:19]} 50. Ne6 {[%emt 0:01:12]} Kf7 {[%emt 0:00:13]} 51. Nf4 {[%emt 0:05:39]} Ne5 {[%emt 0:00:27]} 52. Ne6 {[%emt 0:00:31]} Nd3 {[%emt 0:00:28]} 53. Kd4 {[%emt 0:04:29]} 1/2-1/2

[Event "VII Famalicao Open 2019"]
[Site "Famalicao"]
[Date "2019.08.03"]
[Round "8.13"]
[White "Monteiro, Jose Macedo"]
[Black "Fidalgo, Daniel"]
[Result "1/2-1/2"]
[WhiteElo "1851"]
[BlackElo "2087"]
[Annotator "NA"]
[PlyCount "139"]
[EventDate "2019.07.28"]
[EventType "swiss"]
[EventCountry "POR"]
[SourceTitle "playchess.com"]
[Source "ChessBase"]
[SourceQuality "1"]
[TimeControl "5400+30"]

1. e4 {[%emt 0:00:00]} e6 {[%emt 0:00:00]} 2. d4 {[%emt 0:00:00]} d5 {[%emt 0:00:00]} 3. exd5 {[%emt 0:00:03]} exd5 {[%emt 0:00:06]} 4. Bd3 {[%emt 0:00:07]} Bd6 {[%emt 0:00:47]} 5. Qf3 {[%emt 0:00:54]} h6 {[%emt 0:01:09]} (5... c6 6. Ne2 Qf6 7. Bf4 Bxf4 8. Qxf4 Qxf4 9. Nxf4 Ne7 10. Kd2 Bf5 11. Re1 Bxd3 12. Nxd3 Nd7 13. Nc3 f6 14. Na4 Kf7 15. Nac5 Nxc5 16. Nxc5 {½-½ (23) Bortnyk,O (2566)-Bernadskiy,V (2514) Kishinev 2017}) 6. Nc3 {[%emt 0:00:52] C01: French: Exchange Variation} c6 {[%emt 0:00:41]} 7. Nge2 {[%emt 0:00:11]} Nf6 {[%emt 0:00:25]} 8. h3 {[%emt 0:00:26]} Nbd7 $146 {[%emt 0:03:21]} ({Predecessor:} 8... Be6 9. Bf4 Qc7 10. O-O-O Nbd7 11. Bxd6 Qxd6 12. Nf4 O-O-O 13. Nxe6 fxe6 {1-0 (35) Flores Bartoli,A (1762)-Khumalo,K (1552) Bloemfontein 2016}) 9. O-O {[%emt 0:03:28]} Nf8 {[%emt 0:01:57]} 10. Re1 {[%emt 0:02:27]} Ne6 {[%emt 0:00:35]} 11. Ng3 {[%emt 0:01:39]} O-O {[%emt 0:04:22]} 12. Nf5 {[%emt 0:01:13]} Ng5 {[%emt 0:05:32]} 13. Bxg5 {[%emt 0:02:21]} hxg5 {[%emt 0:00:09]} 14. Ne2 {[%emt 0:10:43]} g6 {[%emt 0:05:39]} (14... Bc7 $15) 15. Nxd6 {[%emt 0:02:52]} Qxd6 {[%emt 0:00:09]} 16. Qg3 {[%emt 0:00:17]} Qxg3 {[%emt 0:01:38]} 17. Nxg3 {[%emt 0:00:08]} Re8 {[%emt 0:06:37]} 18. Rxe8+ {[%emt 0:01:57]} Nxe8 {[%emt 0:00:08]} 19. Re1 {[%emt 0:00:08]} Kf8 {[%emt 0:00:08]} 20. Re5 {[%emt 0:04:08]} f6 {[%emt 0:08:27]} 21. Re1 {[%emt 0:00:17]} f5 {[%emt 0:00:18]} 22. Nf1 {[%emt 0:13:49]} Nd6 {[%emt 0:04:46]} 23. Nd2 {[%emt 0:00:45]} Bd7 {[%emt 0:03:42]} 24. Nf3 {[%emt 0:00:23]} Nf7 $1 {[%emt 0:00:10]} 25. h4 {[%emt 0:06:58]} gxh4 {[%emt 0:01:29]} 26. Nxh4 {[%emt 0:00:03]} Kg7 {[%emt 0:00:11]} 27. f4 {[%emt 0:06:48]} Kf6 {[%emt 0:07:53]} 28. Nf3 {[%emt 0:00:57]} Re8 {[%emt 0:03:13]} 29. Ne5 {[%emt 0:02:27]} Re7 {[%emt 0:03:45]} 30. Kf2 {[%emt 0:00:14]} Nd8 {[%emt 0:01:08]} 31. c3 {[%emt 0:01:21]} Ne6 {[%emt 0:01:43]} 32. g3 {[%emt 0:02:05]} Rh7 {[%emt 0:00:20]} 33. Kg2 {[%emt 0:01:56]} Be8 {[%emt 0:00:57]} 34. Nf3 {[%emt 0:00:22]} Rh8 {[%emt 0:00:55]} 35. Ng5 {[%emt 0:02:44]} Bd7 {[%emt 0:06:50]} 36. Nxe6 {[%emt 0:00:40]} Bxe6 {[%emt 0:00:02]} 37. Rh1 {[%emt 0:00:10]} Re8 {[%emt 0:01:00]} 38. Rh7 {[%emt 0:00:16]} Bf7 {[%emt 0:00:17]} 39. Kf2 {[%emt 0:00:15]} b6 {[%emt 0:01:12]} 40. Rh1 {[%emt 0:03:12]} c5 {[%emt 0:01:55]} 41. Re1 {[%emt 0:00:39]} Rc8 {[%emt 0:00:33]} 42. Re2 {[%emt 0:01:04]} c4 {[%emt 0:01:20]} 43. Bc2 {[%emt 0:00:11]} b5 {[%emt 0:00:11]} 44. a3 {[%emt 0:00:24]} a5 {[%emt 0:00:25]} 45. Re1 {[%emt 0:01:02]} Rb8 {[%emt 0:02:17]} 46. Ra1 {[%emt 0:00:48]} b4 {[%emt 0:05:15]} 47. axb4 {[%emt 0:00:07]} axb4 {[%emt 0:00:02]} 48. Ra6+ {[%emt 0:01:20]} Kg7 {[%emt 0:00:15]} 49. Ke3 {[%emt 0:05:10]} b3 {[%emt 0:06:40]} 50. Bd1 {[%emt 0:01:03]} Rh8 {[%emt 0:00:09]} 51. Ra1 $11 {[%emt 0:06:12]} Rh3 {[%emt 0:02:51]} 52. Kf3 {[%emt 0:06:10]} Rh2 {[%emt 0:00:08]} 53. Be2 {[%emt 0:00:28]} g5 {[%emt 0:00:15]} 54. Ke3 {[%emt 0:00:30]} gxf4+ {[%emt 0:00:30]} 55. gxf4 {[%emt 0:00:00]} Bh5 {[%emt 0:02:18]} 56. Bxh5 {[%emt 0:06:02]} Rxh5 {[%emt 0:00:03]} 57. Rg1+ {[%emt 0:02:22]} Kh6 {[%emt 0:01:06]} 58. Kf3 {[%emt 0:00:27]} Rh2 {[%emt 0:02:10]} 59. Rg2 {[%emt 0:00:09]} Rh1 {[%emt 0:00:19]} 60. Kg3 {[%emt 0:00:34]} Rc1 {[%emt 0:00:26]} 61. Rh2+ {[%emt 0:03:09]} Kg6 {[%emt 0:00:11]} 62. Re2 {[%emt 0:00:30]} Rc2 {[%emt 0:00:32]} 63. Re6+ {[%emt 0:00:09]} Kf7 {[%emt 0:00:08]} 64. Re5 {[%emt 0:00:00]} Rxb2 {[%emt 0:00:30]} 65. Rxd5 {[%emt 0:00:14]} Rc2 {[%emt 0:00:08]} 66. Rxf5+ {[%emt 0:00:30]} Kg6 {[%emt 0:00:30]} 67. Rc5 {[%emt 0:00:25]} Rxc3+ {[%emt 0:01:37] Rb5 Rd3+} 68. Kg4 {[%emt 0:00:42]} Kf7 {[%emt 0:00:14] Rb6 Rxd4} 69. Kf5 {[%emt 0:00:00]} Ke8 {[%emt 0:00:03] Rb7 Rd8} 70. Ke5 {[%emt 0:00:00] Rc8 f5 Rc6 Kd5 c3 Rxb3 c2} 1/2-1/2

[Event "VII Famalicao Open 2019"]
[Site "Famalicao"]
[Date "2019.08.02"]
[Round "8.14"]
[White "Gama, Joao Paulo Antunes D"]
[Black "Fernandes, Joao Pedro"]
[Result "0-1"]
[WhiteElo "1819"]
[BlackElo "2080"]
[Annotator "NA RC"]
[PlyCount "90"]
[EventDate "2019.07.28"]
[EventType "swiss"]
[EventCountry "POR"]
[SourceTitle "playchess.com"]
[Source "ChessBase"]
[SourceQuality "1"]
[TimeControl "5400+30"]

{[%evp 30,81,-34,-31,-6,0,4,-39,-20,-72,-15,-22,-30,-47,1,0,0,-19,12,-40,-27,-16,-17,-17,-16,-11,32767,32767,-12,32767,-8,-17,-13,-10,0,-18,-16,32767,32767,32767,32767,32767,32767,32767,32767,32767,-89,-111,-8,32767,-227,32767,-267,-526]} 1. e4 {[%emt 0:00:00]} c5 {[%emt 0:00:00]} 2. Nf3 {[%emt 0:00:00]} Nc6 {[%emt 0:00:00]} 3. Bb5 {[%emt 0:00:00]} e6 {[%emt 0:00:00]} 4. O-O {[%emt 0:00:00]} Nge7 {[%emt 0:00:00]} 5. Re1 {[%emt 0:00:26]} a6 {[%emt 0:00:09]} 6. Bf1 {[%emt 0:00:13]} d5 {[%emt 0:00:29]} 7. exd5 {[%emt 0:01:07]} Qxd5 {[%emt 0:00:13]} 8. Nc3 {[%emt 0:02:17]} Qd8 {[%emt 0:00:28] B30: Sicilian: 2...Nc6 3 Bb5, lines without ...g6} 9. d3 {[%emt 0:01:09]} Nf5 {[%emt 0:01:22]} 10. Bf4 {[%emt 0:02:24]} Be7 {[%emt 0:03:17]} 11. h3 {[%emt 0:06:02]} O-O {[%emt 0:01:07]} 12. a4 {[%emt 0:00:12]} f6 {[%emt 0:04:02]} 13. Bh2 {[%emt 0:00:21]} e5 {[%emt 0:01:06]} 14. Ne4 {[%emt 0:06:16] [#]} Be6 $146 {[%emt 0:02:43]} ({Predecessor:} 14... Nh6 15. c3 Nf7 16. Qc2 {0-1 (38) Peiter,A (2055)-Nijboer,F (2555) Leiden 2011}) 15. c3 {[%emt 0:00:21]} Rb8 {[%emt 0:17:59]} 16. Qc2 {[%emt 0:06:43]} b5 {[%emt 0:01:23]} 17. axb5 {[%emt 0:00:22]} axb5 {[%emt 0:00:06]} 18. Ra6 {[%emt 0:00:20]} Rb6 {[%emt 0:00:51]} 19. Rea1 {[%emt 0:00:54] [#]} Rxa6 {[%emt 0:07:12]} ({Black should play} 19... Nfd4 $1 $17 {[%cal Rd4c2][%mdl 512]} 20. Nxd4 (20. cxd4 Nb4 $15) 20... cxd4) 20. Rxa6 {[%emt 0:00:12]} Qc8 {[%emt 0:00:18]} 21. Ra1 {[%emt 0:01:53]} Qb7 {[%emt 0:02:40]} 22. g4 {[%emt 0:08:34]} Nh6 {[%emt 0:00:20]} 23. Bg2 {[%emt 0:00:13]} Qb6 {[%emt 0:06:30]} 24. Ned2 {[%emt 0:02:57]} ({Better is} 24. Qe2 $11) 24... Nf7 {[%emt 0:05:45]} 25. Nf1 {[%emt 0:10:39]} Rd8 {[%emt 0:03:47]} 26. Ne3 {[%emt 0:02:32]} c4 {[%emt 0:06:49]} 27. dxc4 {[%emt 0:07:40]} bxc4 {[%emt 0:00:07]} 28. Nd2 {[%emt 0:00:15]} Na5 {[%emt 0:04:52]} 29. Rd1 {[%emt 0:05:45]} Bc5 {[%emt 0:01:49]} 30. Ndf1 {[%emt 0:02:19]} Rxd1 {[%emt 0:03:37]} 31. Nxd1 {[%emt 0:00:12]} Bd7 {[%emt 0:04:12]} 32. Nfe3 {[%emt 0:03:51]} Bc6 {[%emt 0:02:29]} 33. Nd5 {[%emt 0:07:01]} Qb7 {[%emt 0:01:01]} 34. N1e3 {[%emt 0:00:15]} Bxe3 {[%emt 0:02:25]} 35. Nxe3 {[%emt 0:00:13]} Bxg2 {[%emt 0:00:12]} 36. Nxg2 {[%emt 0:00:15]} Ng5 {[%emt 0:00:36]} 37. Qa4 {[%emt 0:03:30]} Nf3+ {[%emt 0:02:03]} 38. Kh1 {[%emt 0:00:40]} h6 {[%emt 0:02:18]} (38... Qa8 $17 39. Bg3 {[#]} h5 $1 {[%mdl 512]}) 39. Qd1 {[%emt 0:05:08]} Nh4 {[%emt 0:01:25]} 40. Qf1 {[%emt 0:00:13] [#]} Nb3 $1 {[%emt 0:05:40]} 41. Bg3 $19 {[%emt 0:02:14]} (41. f4 {was forced.} Nd2 42. Qf2 Nxg2 43. Qxg2 Qxb2 44. fxe5 fxe5 45. Qd5+ Kh8 46. Bxe5 Qa1+ 47. Kg2 Qf1+ 48. Kh2) 41... Nd2 {[%emt 0:00:52]} 42. Qg1 {[%emt 0:00:25]} Nhf3 {[%emt 0:01:51]} 43. Qc1 {[%emt 0:00:34]} h5 {[%emt 0:00:37]} 44. gxh5 {[%emt 0:04:03]} Qd7 {[%emt 0:00:34]} 45. Bh2 {[%emt 0:00:50]} Qxh3 {[%emt 0:00:10]} 0-1

[Event "VII Famalicao Open 2019"]
[Site "Famalicao"]
[Date "2019.08.03"]
[Round "9.1"]
[White "Galego, Luis"]
[Black "Grigoryan, Karen H."]
[Result "0-1"]
[WhiteElo "2513"]
[BlackElo "2549"]
[Annotator "ChessBase"]
[PlyCount "102"]
[EventDate "2019.07.28"]
[EventType "swiss"]
[EventCountry "POR"]
[SourceTitle "playchess.com"]
[Source "ChessBase"]
[SourceQuality "1"]
[TimeControl "5400+30"]

1. e4 {[%emt 0:00:00]} c5 {[%emt 0:02:15]} 2. Nf3 {[%emt 0:00:00]} d6 {[%emt 0:00:56]} 3. c3 {[%emt 0:00:48]} Nf6 {[%emt 0:00:13]} 4. Bb5+ {[%emt 0:00:13]} Bd7 {[%emt 0:01:19]} 5. Bxd7+ {[%emt 0:00:44]} Qxd7 {[%emt 0:00:30]} 6. d3 {[%emt 0:00:49]} e6 {[%emt 0:00:25]} 7. O-O {[%emt 0:02:19]} Be7 {[%emt 0:00:24]} 8. Bg5 {[%emt 0:03:28]} h6 {[%emt 0:01:26]} 9. Bxf6 {[%emt 0:02:11]} Bxf6 {[%emt 0:00:07]} 10. d4 {[%emt 0:00:49]} cxd4 {[%emt 0:00:29]} 11. cxd4 {[%emt 0:00:15]} O-O {[%emt 0:01:17]} 12. Nc3 {[%emt 0:00:26]} Nc6 {[%emt 0:01:31]} 13. Rc1 {[%emt 0:02:12]} d5 {[%emt 0:01:43]} 14. exd5 {[%emt 0:06:24]} exd5 {[%emt 0:00:12]} 15. Qd3 {[%emt 0:00:43]} Rfe8 {[%emt 0:04:56]} 16. Rfd1 {[%emt 0:01:50]} Re6 {[%emt 0:02:27]} 17. g3 {[%emt 0:05:52]} Bg5 {[%emt 0:05:23]} 18. Rb1 {[%emt 0:04:02]} Nb4 {[%emt 0:07:08]} 19. Qb5 {[%emt 0:04:21]} Qxb5 {[%emt 0:00:29]} 20. Nxb5 {[%emt 0:00:02]} Rd8 {[%emt 0:06:53]} 21. Nc3 {[%emt 0:02:15]} Bf6 {[%emt 0:01:01]} 22. Rbc1 {[%emt 0:01:08]} g5 {[%emt 0:02:24]} 23. h3 {[%emt 0:00:35]} h5 {[%emt 0:03:42]} 24. Kg2 {[%emt 0:05:24]} g4 {[%emt 0:02:47]} 25. hxg4 {[%emt 0:00:37]} hxg4 {[%emt 0:00:05]} 26. Ne5 {[%emt 0:00:58]} Bxe5 {[%emt 0:02:29]} 27. dxe5 {[%emt 0:00:02]} d4 {[%emt 0:01:43]} 28. Ne4 {[%emt 0:01:55]} Rxe5 {[%emt 0:00:39]} 29. Nf6+ {[%emt 0:00:04]} Kg7 {[%emt 0:00:07]} 30. Nxg4 {[%emt 0:00:04]} Rg5 {[%emt 0:10:57]} 31. Nh2 {[%emt 0:00:15]} Nxa2 {[%emt 0:00:39]} 32. Ra1 {[%emt 0:01:02]} Ra5 {[%emt 0:04:52]} 33. Nf3 {[%emt 0:03:29]} d3 {[%emt 0:00:54]} 34. Rd2 {[%emt 0:16:10]} b6 {[%emt 0:00:52]} 35. b3 {[%emt 0:07:49]} Nb4 {[%emt 0:03:17]} 36. Rxa5 {[%emt 0:00:49]} bxa5 {[%emt 0:00:06]} 37. Rd1 {[%emt 0:01:42]} Kf6 {[%emt 0:04:37]} 38. Ra1 {[%emt 0:02:33]} Nc2 {[%emt 0:02:22]} 39. Rd1 {[%emt 0:01:36]} Kf5 {[%emt 0:01:47]} 40. Nd2 {[%emt 0:01:08]} Ke5 {[%emt 0:04:33]} 41. Nf3+ {[%emt 0:00:14]} Ke4 {[%emt 0:00:47]} 42. Rh1 {[%emt 0:00:59]} d2 {[%emt 0:02:33]} 43. Rd1 {[%emt 0:00:37]} Ne3+ {[%emt 0:00:21]} 44. fxe3 {[%emt 0:00:04]} Kxe3 {[%emt 0:00:04]} 45. Ng1 {[%emt 0:04:21]} Rc8 {[%emt 0:02:15]} 46. Rf1 {[%emt 0:18:56]} Rc2 {[%emt 0:01:29]} 47. Kh3 {[%emt 0:00:35]} Rc1 {[%emt 0:00:11]} 48. Rf3+ {[%emt 0:00:11]} Ke4 {[%emt 0:00:15]} 49. Rf4+ {[%emt 0:00:10]} Kd3 {[%emt 0:01:04]} 50. Rf3+ {[%emt 0:01:02]} Kc2 {[%emt 0:00:10]} 51. Ne2 {[%emt 0:00:33]} Rh1+ {[%emt 0:00:28]} 0-1

[Event "VII Famalicao Open 2019"]
[Site "Famalicao"]
[Date "2019.08.03"]
[Round "9.2"]
[White "Spraggett, Kevin"]
[Black "Pinho, Paulo"]
[Result "1-0"]
[WhiteElo "2511"]
[BlackElo "2200"]
[Annotator "ChessBase"]
[PlyCount "72"]
[EventDate "2019.07.28"]
[EventType "swiss"]
[EventCountry "POR"]
[SourceTitle "playchess.com"]
[Source "ChessBase"]
[SourceQuality "1"]
[TimeControl "5400+30"]

1. e4 {[%emt 0:00:00]} c5 {[%emt 0:05:13]} 2. Nf3 {[%emt 0:00:00]} e6 {[%emt 0:00:08]} 3. d4 {[%emt 0:00:00]} cxd4 {[%emt 0:00:05]} 4. Nxd4 {[%emt 0:00:00]} a6 {[%emt 0:00:06]} 5. c4 {[%emt 0:00:08]} b6 {[%emt 0:04:57]} 6. Nc3 {[%emt 0:02:59]} Bb7 {[%emt 0:00:11]} 7. Bd3 {[%emt 0:00:53]} d6 {[%emt 0:01:00]} 8. O-O {[%emt 0:01:37]} Nf6 {[%emt 0:00:31]} 9. Qe2 {[%emt 0:01:09]} Nbd7 {[%emt 0:05:39]} 10. f4 {[%emt 0:05:45]} Be7 {[%emt 0:06:13]} 11. Bd2 {[%emt 0:02:14]} Qc7 {[%emt 0:01:15]} 12. Rac1 {[%emt 0:00:48]} O-O {[%emt 0:06:14]} 13. b4 {[%emt 0:03:19]} Rfe8 {[%emt 0:05:57]} 14. Nf3 {[%emt 0:06:08]} Rac8 {[%emt 0:05:34]} 15. a3 {[%emt 0:01:50]} Bf8 {[%emt 0:00:43]} 16. Kh1 {[%emt 0:01:00]} Qb8 {[%emt 0:00:51]} 17. Rce1 {[%emt 0:00:55]} g6 {[%emt 0:06:07]} 18. e5 {[%emt 0:20:31]} Nh5 {[%emt 0:10:03]} 19. Be4 {[%emt 0:02:34]} f5 {[%emt 0:09:44]} 20. exf6 {[%emt 0:02:46]} Ndxf6 {[%emt 0:02:31]} 21. Bb1 {[%emt 0:02:31]} Bh6 {[%emt 0:06:22]} 22. Ng5 {[%emt 0:03:31]} Ng7 {[%emt 0:02:17]} 23. Ba2 {[%emt 0:00:38]} Qc7 {[%emt 0:01:23]} 24. Qd3 {[%emt 0:01:21]} Qc6 {[%emt 0:01:09]} 25. Qh3 {[%emt 0:02:24]} Bxg5 {[%emt 0:01:58]} 26. fxg5 {[%emt 0:00:02]} Nfh5 {[%emt 0:05:04]} 27. Ne4 {[%emt 0:01:16]} Nf5 {[%emt 0:01:37]} 28. Kg1 {[%emt 0:05:11]} Rf8 {[%emt 0:02:04]} 29. Qd3 {[%emt 0:08:15]} b5 {[%emt 0:02:24]} 30. cxb5 {[%emt 0:04:45]} Qb6+ {[%emt 0:00:04]} 31. Be3 {[%emt 0:00:55]} Nxe3 {[%emt 0:00:12]} 32. Bxe6+ {[%emt 0:00:16]} Kg7 {[%emt 0:00:16]} 33. Qxe3 {[%emt 0:04:49]} Rxf1+ {[%emt 0:00:28]} 34. Kxf1 {[%emt 0:00:01]} Qxb5+ {[%emt 0:01:14]} 35. Kg1 {[%emt 0:00:11]} Rc2 {[%emt 0:01:04]} 36. Rf1 {[%emt 0:01:50]} Qb6 1-0

[Event "VII Famalicao Open 2019"]
[Site "Famalicao"]
[Date "2019.08.03"]
[Round "9.3"]
[White "Vassallo Barroche, Mauricio"]
[Black "Martinez Duany, Lelys Stanley"]
[Result "0-1"]
[WhiteElo "2380"]
[BlackElo "2535"]
[Annotator "ChessBase"]
[PlyCount "74"]
[EventDate "2019.07.28"]
[EventType "swiss"]
[EventCountry "POR"]
[SourceTitle "playchess.com"]
[Source "ChessBase"]
[SourceQuality "1"]
[TimeControl "5400+30"]

1. d4 Nf6 2. Nf3 g6 3. Nc3 d5 4. Bf4 Bg7 5. e3 c6 6. Be2 Nbd7 7. Ne5 Qb6 8. Rb1 O-O 9. O-O Nxe5 10. Bxe5 a5 11. h3 a4 12. a3 Re8 13. Bf3 Qa5 14. Qe2 Bf5 15. g4 Be6 16. Bg2 h5 17. g5 Ne4 18. Nxe4 dxe4 19. Bxg7 Kxg7 20. h4 f6 21. f4 exf3 22. gxf6+ exf6 23. Qxf3 Qd8 24. Qf4 Bd5 25. Rf2 f5 26. Re1 Bxg2 27. Rxg2 Qf6 28. Rf1 Rf8 29. Rf3 Kh7 30. Rfg3 Rg8 31. Rf2 Rae8 32. c3 Qd8 33. Rg5 Re4 34. Qg3 Qb8 35. Rf4 Rxf4 36. exf4 Qe8 37. Kf2 Rg7 0-1